000 00358nam a22001097a 4500
082 _b323
100 _aबी के सिन्हा
_983369
245 _aसूचना का अधिकार मैन्युअल
260 _aरायपुर
_bराज लॉ पब्लिकेशन
_c2025
650 _aRTI
_983370
942 _cC. BOOKS
999 _c68256
_d68256